00745nam a22001457a 450000500170000002000180001708200140003510000250004924501100007426000470018430000130023150400500024452002890029465000160058320260703111146.0 a9781009527804 a320.54CED aCederman, Lars-Erik. aNationalism and the transformation of the statebborder change and political violence in the modern world aNew YorkbCambridge University Pressc2025 axv,375p. aIncludes bibliographical references and index aUsing historical maps to show how ethnic nations have reshaped state borders and caused conflict since the French Revolution, this book traces the effects that explain current geopolitical instability in Europe and beyond. This title is also available as Open Access on Cambridge Core aNationalism